Artistes contemporains par œuvres n°1 - Statistiques

Statistiques générales
  • Ce quiz a été pris 27 fois
  • Le résultat moyen est 3 sur 20
Statistiques - réponses
Par images Hint Réponse % Correct
Campbell's Soup Cans I Andy Warhol
92%
Tableau-piège Daniel Spoerri
33%
Répéter la forêt Giuseppe Penone
33%
TV Buddha Nam June Paik
33%
A Girl Ron Mueck
33%
Inner Journey Bill Viola
25%
Les Filles d'Olmo II Georg Baselitz
17%
A Line in Scotland Richard Long
17%
Sans titre 465 Cindy Sherman
13%
L'Histoire en peinture de l'Assemblée Nationale Hervé Di Rosa
13%
readymades belong to everyone®, Thinking of… Philippe Thomas
13%
Cloaca Wim Delvoye
13%
Nos années 70 (chambre) Dominique Gonzalez-Foerster
4%
Le Rouge Gérard Fromanger
4%
2146 pierres – Mémorial contre le racisme Jochen Gerz
4%
Objet de prémonition Daniel Pommereulle
0%
Homme de Bessines Fabrice Hyber
0%
Mad Dog Oleg Kulik
0%
Lutteurs corps à corps Ousmane Sow
0%
Ecce homo Pierre Pinoncelli
0%
Aucun quiz correspondant
Distribution des résultats
% des personnes avec chaque résultat
Percentile par nombre de réponses
Votre historique - résultats
Vous n’avez pas pris ce quiz